00886 2200301 4500001002100000005001500021035002000036007000300056040001700059100003500076245013500111300003700246020002200283041000800305082000800313084001400321090001400335264003500349336002100384337003000405338002300435650001200458850001000470008004100480990002100521990002100542990002100563INLIS00000000000962420260416013221 a0010-1222000229ta aSBPUPADbind0 aInu Kencana SyafiieePengarang1 aEtika Pemerintahan :bDari Keseimbangan Good Governance dengan Clean Goverment Sampai Pada State of The Art /cInu Kencana Syafiie axi, 318 hlm. :bilus. ;c23,5 cm a978-979-518-999-2 aind a172 a172 INU e a172 INU e aJakarta :bRineka Cipta,c2011 2rdacontentateks 2rdamediaatanpa perantara 2rdacarrieravolume 4aPolitik aPUPAD260416 0  a21646/Br/KAPD/15 a21649/Br/KAPD/15 a21648/BR/KAPD/15